[Event "Yingmei Cup CHN-chT 2017"]
[Site "?"]
[Date "2017.04.19"]
[Round "2"]
[White "Zhai, Mo"]
[Black "Huang, Qian"]
[Result "1-0"]
[WhiteElo "2303"]
[BlackElo "2450"]
[Annotator "TA"]
[PlyCount "95"]
[EventDate "2017.??.??"]
[SourceTitle "Shenzen"]

1. d4 d6 2. Nf3 Bg4 3. c4 Bxf3 4. exf3 c6 5. Nc3 Nf6 6. Be2 {A53: Old Indian
Defence without Nf3} d5 {LiveBook: 3 Games} (6... g6 7. Be3 Bg7 8. O-O Nbd7 9.
f4 O-O 10. d5 Qa5 11. Bf3 Nb6 12. dxc6 bxc6 13. Bxc6 Rac8 {1/2-1/2 (41) Sanal,
V (2475)-Romanov,E (2644) Lienz 2017}) 7. Qb3 Qd7 8. Bg5 $146 {White is
slightly better.} (8. O-O e6 9. Be3 Be7 10. Rfb1 O-O 11. Qc2 dxc4 12. Bxc4 Qc7
13. Re1 h6 {1-0 (22) Demel,P (2159)-Bakalar,P (2211) Bayern 2012}) 8... dxc4 9.
Bxc4 e6 10. Bxf6 gxf6 11. O-O-O Bh6+ 12. Kb1 O-O 13. Ne4 Qe7 14. Rhe1 b5 15.
Bd3 Bg7 (15... f5 $14) 16. g4 Na6 17. f4 (17. Ng3 $142) 17... Rfd8 18. Bc2 Nb4
19. f5 a5 20. fxe6 Qxe6 21. Qxe6 fxe6 22. Nc5 Nxc2 23. Kxc2 Rd6 (23... e5 $14)
24. Rxe6 $18 Rxe6 25. Nxe6 Re8 26. Nxg7 Kxg7 {Endgame [#] KR-KR} 27. Kd3 $1 Rd8
(27... h5 $142 28. h3 (28. gxh5 Rh8 29. Rc1 Rxh5 30. Rxc6 Rxh2 $16) 28... a4)
28. Rc1 Rd6 29. b3 Kg6 (29... f5 $142 30. gxf5 Rh6) 30. Rc5 a4 31. bxa4 bxa4
32. Ra5 Rd8 33. h3 ({Don't take} 33. Rxa4 c5 34. Kc3 cxd4+ 35. Rxd4 Rc8+ 36.
Kb3 f5) 33... a3 34. Rxa3 c5 35. Ra4 h5 36. Rc4 hxg4 (36... cxd4 $142 37. a4
hxg4) 37. hxg4 {White is clearly winning.} cxd4 38. Rxd4 Rb8 39. Kc3 Rb1 40.
Rd5 Rc1+ 41. Kb2 Rf1 42. Rf5 Re1 43. f3 Re2+ 44. Kb3 Re3+ 45. Kb4 Re1 46. a4
Rb1+ 47. Kc5 Ra1 48. Kb5 1-0

[Event "Yingmei Cup CHN-chT 2017"]
[Site "?"]
[Date "2017.04.19"]
[Round "2"]
[White "Ren, Xiaoyi"]
[Black "Chu, Ruotong"]
[Result "1-0"]
[WhiteElo "2262"]
[BlackElo "2270"]
[Annotator "TA"]
[PlyCount "43"]
[EventDate "2017.??.??"]
[SourceTitle "Shenzen"]

1. d4 Nf6 2. c4 g6 3. g3 c6 4. Bg2 d5 5. cxd5 cxd5 6. Nc3 {D71: Fianchetto
Grünfeld: 3 g3 d5 sidelines and 5 cxd5 (without Nf3)} (6. Nf3 Bg7 7. Nc3 Ne4
8. Qa4+ Bd7 9. Qb3 Bc6 10. O-O Nxc3 11. bxc3 Nd7 12. a4 O-O 13. a5 b6 14. Qa2
bxa5 15. Nd2 {1-0 (49) Xiong,J (2667)-Smirin,I (2667) Wijk aan Zee 2017}) 6...
Nc6 7. Nf3 Ne4 {LiveBook: 4 Games} 8. Qb3 {The position is equal.} e6 9. Ne5
$146 (9. O-O Bg7 10. Be3 Nd6 11. Rad1 Nf5 12. Bf4 h6 13. e4 dxe4 14. Nxe4 {
1-0 (52) Maiko,A (2075)-Romanova,M (2095) Donetsk 2007}) 9... Nxe5 10. dxe5
Nxc3 11. bxc3 Qc7 12. O-O Qxe5 (12... Bd7 $11) 13. Bf4 $16 ({Much less strong
is} 13. Qb5+ Bd7 14. Qxb7 Qb8 15. Qxb8+ (15. Rb1 Qxb7 16. Rxb7 Bc8 $11) 15...
Rxb8 $14) 13... Qxe2 {[#]} 14. Bxd5 $1 Bg7 ({Wrong is} 14... exd5 $2 15. Rae1
Qe6 16. Qb5+ Bd7 17. Qxb7 $18) (14... Bc5 $16) 15. Rfe1 {White has strong
compensation.} Qa6 16. Bc4 Qb6 {Hoping for ...Qxb3.} 17. Bb5+ Kf8 (17... Bd7
$16 {was called for.} 18. Bxd7+ Kxd7) 18. Rad1 (18. Qa3+ $18 {and White stays
clearly on top.} Kg8 19. Qe7) 18... h6 {[#]} (18... h5 $16) 19. Qc4 $1 $40 {
White wants a kill.} a6 $2 {[#]} (19... e5 20. Be3 (20. Bxe5 Bxe5 21. Rxe5 Kg7
$11) 20... Qf6) 20. Bc7 $1 Qxb5 21. Rd8+ Ke7 22. Bd6+ 1-0

[Event "Yingmei Cup CHN-chT 2017"]
[Site "?"]
[Date "2017.04.19"]
[Round "2"]
[White "Zhu, Jiner"]
[Black "Zhao, Xue"]
[Result "1/2-1/2"]
[WhiteElo "2154"]
[BlackElo "2499"]
[Annotator "TA"]
[PlyCount "78"]
[EventDate "2017.??.??"]
[SourceTitle "Shenzen"]

1. e4 e5 2. Nf3 Nc6 3. Bb5 Nf6 4. d3 d6 5. O-O Be7 6. c3 O-O 7. Nbd2 a6 8. Ba4
b5 9. Bc2 Re8 {C77: Ruy Lopez: 3...a6 4 Ba4 Nf6, unusual lines} 10. Re1 Bf8 11.
Nf1 h6 {White has an edge.} (11... Nb8 12. d4 Nbd7 13. Ng3 Bb7 14. b3 g6 15. a4
Bg7 16. Bd3 d5 17. Bg5 dxe4 18. Bxe4 Bxe4 19. Nxe4 exd4 20. Nxd4 {1-0 (44)
Carlsen,M (2840)-Hansen,E (2603) chess.com INT 2017}) 12. Ng3 d5 13. d4 Bg4 14.
exd5 Qxd5 15. Ne4 $146 (15. Bb3 Qd7 16. h3 Bxf3 17. Qxf3 exd4 18. Bxh6 {
1/2-1/2 (65) Sethuraman,S (2640)-Belov,V (2614) Berlin 2015}) 15... exd4 16.
Nxf6+ gxf6 17. Qd3 {[#]} f5 {aiming for ...Bxf3.} 18. Bf4 $36 {Black is under
pressure.} Bg7 $1 19. Nh4 {Strongly threatening h3.} Ne5 $2 {[#]} (19... Qc5 $1
$11 20. Nxf5 Bxf5 21. Qxf5 Qxf5 22. Bxf5 dxc3 23. Rxe8+ Rxe8 24. bxc3 Bxc3) 20.
Bxe5 $2 (20. Qg3 $1 $16 {Threatens to win with h3.} c5 21. cxd4 (21. Nxf5 Bxf5
22. Bxf5 Nf3+ 23. gxf3 Qxf5 $14)) 20... Rxe5 $11 ({Much worse is} 20... Bxe5 $6
21. Nxf5 Bxf5 22. Qxf5 $16) 21. h3 {Rxe5 is the strong threat.} Bh5 (21... dxc3
$11 22. Qxd5 Rxd5 23. hxg4 cxb2) 22. Rxe5 $14 ({But not} 22. cxd4 Rxe1+ 23.
Rxe1 Qxd4 24. Qxd4 (24. Nxf5 Qxd3 25. Bxd3 Bxb2 $11) 24... Bxd4 $11) 22... Qxe5
23. Nxf5 Bg6 24. Qf3 Rf8 (24... Rd8 $14) 25. cxd4 $16 Qe6 26. Nxg7 Kxg7 27. Qc3
Bxc2 28. Qxc2 {Endgame KQR-KQR} Rd8 29. Qxc7 Rxd4 30. Qc3 Qc4 31. Qg3+ Kh7 32.
Re1 (32. Qe5 $16) 32... Qxa2 $11 {The position is equal.} 33. Re8 Qb1+ 34. Kh2
Qg6 35. Qe5 Qg7 $1 36. Qf5+ Qg6 37. Qe5 Qg7 $1 38. Qf5+ Qg6 39. Qe5 Qg7 $1
1/2-1/2

[Event "Yingmei Cup CHN-chT 2017"]
[Site "?"]
[Date "2017.04.19"]
[Round "2"]
[White "Ning, Kaiyu"]
[Black "Gong, Qianyun"]
[Result "0-1"]
[WhiteElo "2131"]
[BlackElo "2300"]
[Annotator "TA"]
[PlyCount "76"]
[EventDate "2017.??.??"]
[SourceTitle "Shenzen"]

1. d4 Nf6 2. c4 e6 3. Nf3 b6 4. g3 Bb7 5. Bg2 g6 6. Nc3 Bg7 7. O-O O-O 8. Qc2 {
A50: Queen's Fianchetto Defence (1 d4 Nf6 2 c4 b6)} (8. d5 exd5 9. cxd5 Re8 10.
Nd4 c5 11. dxc6 dxc6 12. Bf4 Nh5 13. Be3 Qd7 14. Nb3 Qe7 15. Qd2 Nd7 {0-1 (70)
Inarkiev,E (2732)-Hou,Y (2658) Petropavlovsk Kamchatsky 2016}) 8... d5 9. cxd5
exd5 10. b4 {The position is equal.} Nbd7 $146 (10... Re8 11. Bg5 Nc6 12. a3
Ne7 13. Rac1 Nf5 {1/2-1/2 (68) Pawlowski,W (2154)-Hauser,D (2223) ICCF email
2011}) 11. Rd1 c6 12. Bb2 Re8 13. e3 Bf8 14. a3 b5 15. Ne5 a5 16. Qb3 axb4 17.
axb4 Rxa1 18. Bxa1 Qe7 19. Bh3 (19. e4 $11 {keeps the balance.}) 19... Nb6 $17
({Of course not} 19... Nxe5 $6 20. dxe5 Nd7 21. Bxd7 Qxd7 {[#]} 22. Ne4 $1 $11)
20. Nd3 Nc4 21. Nc5 Bc8 22. Bxc8 Rxc8 23. Bb2 Ra8 24. Re1 Bh6 25. Qc2 Nd7 26.
e4 (26. Nd3 $17 {was necessary.}) 26... Nxc5 $19 27. dxc5 Bg7 ({Weaker is} 
27... Nxb2 28. Qxb2 Qe5 29. Nd1 (29. f4 $2 Qd4+ 30. Kf1 dxe4 $19) 29... Qxb2
30. Nxb2 dxe4 31. Rxe4 $19) 28. Bc1 {[#]} f5 $1 29. f3 (29. exf5 Qxe1+) 29...
fxe4 30. fxe4 Bd4+ 31. Kh1 $2 (31. Kg2 {was the crucial defense.}) 31... Qf6 {
Black is clearly winning.} 32. Nd1 Qf3+ 33. Qg2 dxe4 34. Qxf3 exf3 35. Rf1 Ra1
36. Bf4 Nb2 37. Ne3 Rxf1+ 38. Nxf1 Nd3 0-1

[Event "Yingmei Cup CHN-chT 2017"]
[Site "?"]
[Date "2017.04.19"]
[Round "2"]
[White "Yang, Yijing"]
[Black "Liu, Shilan"]
[Result "1-0"]
[WhiteElo "1910"]
[BlackElo "2255"]
[Annotator "TA"]
[PlyCount "63"]
[EventDate "2017.??.??"]
[SourceTitle "Shenzen"]

1. d4 Nf6 2. c4 e6 3. g3 Bb4+ 4. Bd2 Qe7 5. Bg2 O-O 6. Nf3 d5 7. O-O Ne4 {
LiveBook: 4 Games. E11: Bogo-Indian} (7... c6 8. Qc2 Nbd7 9. Bf4 Nh5 10. Bd2
Nhf6 11. Bf4 Nh5 12. Bd2 Nhf6 {1/2-1/2 (12) Cheparinov,I (2681)-Fedorchuk,S 
(2635) Bol 2015}) 8. Qc2 c6 9. Bxb4 Qxb4 {White is slightly better.} 10. Nbd2
Nxd2 11. Nxd2 Nd7 12. e4 Qb6 $146 (12... dxc4 13. Nxc4 b5 14. Ne3 Bb7 15. a3 {
1-0 (60) Caceres Vasquez,S (2299)-Gaete Zuniga,M (1952) Santiago de Chile 2009}
) 13. Qc3 e5 14. exd5 exd4 15. Qb3 c5 16. Rfe1 Nf6 17. Ne4 Nxe4 $1 18. Rxe4 (
18. Bxe4 $5 {is interesting.} Qd6 19. Qc2 g6 20. b4 b6 21. Qd2) 18... Qd6 19.
f4 Bd7 20. Qa3 a5 {[#]} (20... b5 $11 {remains equal.}) 21. Rxd4 $1 $16 Rfe8 (
21... cxd4 22. Qxd6) 22. Rdd1 Re7 23. Re1 b6 $2 (23... a4 $16 24. Qc3 Rae8) 24.
Rxe7 $18 {White is clearly winning.} Qxe7 {[#]} 25. d6 $1 Qd8 (25... Qxd6 26.
Bxa8) 26. Bxa8 Qxa8 {Endgame KQR-KQB} 27. Qe3 h5 28. Re1 Qc6 29. Qe5 Qf3 {
If only Black now had time for ...Bc6....} 30. Qd5 Qg4 31. Re7 Be6 {[#]} 32. d7
(32. Rxe6 $142 $1 fxe6 33. Qd3) 1-0

[Event "Yingmei Cup CHN-chT 2017"]
[Site "?"]
[Date "2017.04.20"]
[Round "3"]
[White "Ding, Liren"]
[Black "Li, Yankai"]
[Result "1-0"]
[WhiteElo "2759"]
[BlackElo "2392"]
[Annotator "TA"]
[PlyCount "83"]
[EventDate "2017.??.??"]
[SourceTitle "Shenzen"]

1. e4 e5 2. Nf3 Nf6 3. Nxe5 d6 4. Nf3 Nxe4 5. d4 d5 6. Bd3 Be7 7. O-O Nc6 8.
Nbd2 Nxd2 9. Bxd2 Bg4 10. c3 O-O {C42: Petroff Defence: 3 Nxe5 and unusual
White 3rd moves} 11. h3 Bh5 $1 {LiveBook: 16 Games} 12. Qe2 (12. g3 Qd7 13. Kg2
Bg6 14. Bxg6 fxg6 15. Bf4 h6 16. Qd3 g5 17. Be5 Rf5 18. Rae1 {1-0 (43)
Areshchenko,A (2678)-Volokitin,A (2649) Rivne 2016}) 12... Re8 {White has an
edge.} 13. Rae1 Bd6 $146 (13... Qd7 14. Qd1 h6 15. Bf4 Bf6 16. g4 Bg6 17. Bxg6
fxg6 18. Kg2 {1/2-1/2 (36) Daubenfeld,N (2512)-Dambrauskas,V (2454) ICCF email
2010}) 14. Qd1 Rxe1 15. Rxe1 Bg6 16. Bf1 Qd7 17. Nh4 Ne7 18. Nxg6 Nxg6 19. g3
c6 20. Kg2 Nf8 21. Qe2 Qe6 22. Qf3 Qd7 23. h4 Re8 24. Rd1 Re6 25. Bd3 {Black
must now prevent Bf5.} Rf6 26. Qe2 h6 27. Bc2 Ng6 28. Re1 Nf8 29. Qh5 Ne6 30.
Qe2 Nf8 31. b4 Re6 32. Be3 Re7 33. Qf3 Qe8 34. Rh1 Re6 35. a4 a6 36. a5 Rf6 37.
Qd1 Re6 38. Bf5 Rf6 39. Qd3 g6 (39... Ne6 $16 {is a better defense.}) 40. Bh3
$18 Qe4+ $2 {[#]} (40... Kg7 $16 {is tougher.} 41. Qd2 Qe4+ 42. Kg1 Kg8 43.
Bxh6 Ne6) 41. Qxe4 dxe4 42. Bc8 ({Not} 42. Bxh6 Rf3 43. Bc8 Rxc3 44. Bxb7 Bxb4
$18) 1-0

[Event "Yingmei Cup CHN-chT 2017"]
[Site "?"]
[Date "2017.04.20"]
[Round "3"]
[White "Wei, Yi"]
[Black "Ma, Qun"]
[Result "1-0"]
[WhiteElo "2727"]
[BlackElo "2637"]
[Annotator "TA"]
[PlyCount "63"]
[EventDate "2017.??.??"]
[SourceTitle "Shenzen"]

1. d4 d5 2. Bf4 Nf6 3. e3 Bg4 4. f3 Bc8 5. Nc3 e6 6. e4 Bb4 7. Qd3 {A45:
Trompowsky Attack} (7. e5 Nfd7 8. Bd2 Qh4+ 9. g3 Qxd4 10. f4 Bxc3 11. Bxc3 Qe4+
12. Qe2 Qxe2+ 13. Nxe2 c5 14. Bg2 Nc6 15. O-O-O {0-1 (69) Genzling,A (2380)
-Gabuzyan,H (2585) Yerevan 2015}) 7... O-O 8. O-O-O b6 9. Nge2 $1 {White is
slightly better.} c5 10. exd5 Ba6 11. Qe3 $1 exd5 $146 ({Don't play} 11... Nxd5
12. Nxd5 exd5 13. c3 $14) (11... Bxc3 12. Nxc3 Nxd5 13. Nxd5 Qxd5 14. c4 cxd4
15. cxd5 dxe3 16. Bxa6 Nxa6 17. dxe6 {0-1 (23) Gogin,M (2201)-Lobanov,S (2377)
St Petersburg 2014}) 12. a3 Bxc3 13. Nxc3 Bxf1 $1 14. Rhxf1 Nc6 $1 15. Be5 {
aiming for Bxf6.} Nd7 16. Nxd5 Re8 17. Bc7 Qc8 18. Qg5 $1 Nxd4 19. Ne7+ $40 {
[#] Black needs to defend precisely.} Rxe7 $1 20. Qxe7 Qxc7 21. c3 $1 Qf4+ 22.
Kb1 {White has compensation.} Qf5+ 23. Ka1 $1 Nc2+ 24. Ka2 Nf8 {[#] And now ..
.Qf4 would win.} 25. Rf2 $1 Ne6 {White should prevent ...Ne3.} 26. Re2 {
Threatens to win with Rd8+!} a5 $2 {[#]} (26... Ncd4 $14 27. cxd4 Qd5+ 28. Kb1
cxd4) 27. Rd8+ $1 $18 {White is clearly winning.} Rxd8 {[#]} 28. Qxd8+ $1 Nf8 (
28... Nxd8 29. Re8#) 29. Re8 h5 30. Rxf8+ Kh7 31. Rh8+ Kg6 32. Re8 1-0

[Event "Yingmei Cup CHN-chT 2017"]
[Site "?"]
[Date "2017.04.20"]
[Round "3"]
[White "Bu, Xiangzhi"]
[Black "Liu, Qingnan"]
[Result "1/2-1/2"]
[WhiteElo "2713"]
[BlackElo "2502"]
[Annotator "TA"]
[PlyCount "60"]
[EventDate "2017.??.??"]
[SourceTitle "Shenzen"]

1. Nf3 c5 2. e4 Nc6 3. Bb5 g6 4. Bxc6 dxc6 5. d3 Bg7 6. h3 e5 7. O-O Qe7 8.
Nbd2 {B31: Sicilian: 2...Nc6 3 Bb5 g6} Nh6 (8... Be6 9. a3 g5 10. Nc4 O-O-O 11.
Bxg5 f6 12. Bd2 Nh6 13. b3 Rhg8 14. Kh1 Bf8 15. Bxh6 Bxh6 {1/2-1/2 (57) Howell,
D (2655) -Lupulescu,C (2609) Novi Sad 2016}) 9. a3 $146 (9. Nc4 f6 10. a4 Be6
11. Be3 Bxc4 12. dxc4 O-O 13. Qe2 Rfd8 14. Rfd1 {1/2-1/2 (14) Maljutin,E (2340)
-Tsarev,V (2325) Moscow 1990}) 9... Be6 10. b4 cxb4 11. axb4 O-O 12. c3 Rfd8
13. d4 exd4 14. Nxd4 c5 15. bxc5 Qxc5 16. Nxe6 (16. Nb1 $142) 16... fxe6 $11
17. Qb3 Qxc3 ({Inferior is} 17... Bxc3 18. Ba3 (18. Qxe6+ Nf7 19. Rb1 Bxd2 $11)
18... Qe5 19. Nf3 $18) 18. Qxe6+ Nf7 19. Ra3 Qc7 20. Nf3 Re8 21. Qd5 Qc6 22.
Qxc6 bxc6 23. Be3 Rxe4 24. Rxa7 Rxa7 25. Bxa7 Ne5 {Black wants to play ...
Nxf3+.} 26. Nxe5 Bxe5 {The position is equal.} 27. Be3 Bd4 28. Bxd4 Rxd4 29.
Rc1 Rd6 30. f4 Kf7 1/2-1/2

[Event "Yingmei Cup CHN-chT 2017"]
[Site "?"]
[Date "2017.04.20"]
[Round "3"]
[White "Kryvoruchko, Yuriy"]
[Black "Yu, Yangyi"]
[Result "1/2-1/2"]
[WhiteElo "2710"]
[BlackElo "2750"]
[Annotator "TA"]
[PlyCount "93"]
[EventDate "2017.??.??"]
[SourceTitle "Shenzen"]

1. e4 e5 2. Nf3 Nc6 3. Bb5 a6 4. Ba4 Nf6 5. O-O Be7 6. d3 b5 7. Bb3 d6 8. a4
Bd7 9. c3 Na5 10. Bc2 c5 11. Nbd2 O-O 12. Re1 {C55: Two Knights: 4 d3, 4 d4
exd4 5 e5 and Max Lange Attack} h6 13. Nf1 Nc6 14. Ne3 (14. h3 Be6 15. d4 cxd4
16. cxd4 Nxd4 17. Nxd4 exd4 18. Qxd4 Qc7 19. Ne3 d5 20. exd5 {1/2-1/2 (28)
Svidler,P (2727)-Inarkiev,E (2660) Berlin 2015}) 14... Be6 15. d4 cxd4 16. cxd4
{LiveBook: 3 Games} Nxd4 17. Nxd4 exd4 18. Qxd4 Qc7 19. axb5 $146 (19. Qd3 Rab8
20. axb5 axb5 {1/2-1/2 (34) Sevillano,E (2484) -Banawa,J (2348) Los Angeles
2013}) 19... axb5 20. Bd2 Nd7 21. Rxa8 Rxa8 22. Nd5 Qxc2 23. Nxe7+ Kh7 24. Bc3
{[#]} ({Much weaker is} 24. Qxd6 Qxb2 25. h3 Ra2 $17) 24... Nf6 {With the idea
...Ra4.} 25. Nc6 (25. f3 $5 {creates asymmetry.} Ne8 26. Nc6 Qb3 27. Qd2 Qc4
28. Nd4) 25... Qa4 26. Nb4 Ne8 ({Don't play} 26... Qa7 $6 27. Qxd6 Qd7 28. Qg3
$16) 27. h3 Qa7 28. Qd3 Qc5 29. Qd2 Ra4 30. Kh2 Nf6 31. Nd3 Qg5 32. Qxg5 hxg5
33. e5 dxe5 34. Nc5 Rf4 35. Nxe6 fxe6 36. Rxe5 {Threatening f3.} Rxf2 $11 {
Endgame KRB-KRN. The position is equal.} 37. Kg1 Rc2 38. Rxg5 b4 39. Be5 Rc1+
40. Kh2 Re1 41. Bxf6 gxf6 {KR-KR} 42. Rg4 b3 43. Rg3 f5 44. Rxb3 f4 45. g3 Re2+
46. Kg1 fxg3 47. Rxg3 1/2-1/2

[Event "Yingmei Cup CHN-chT 2017"]
[Site "?"]
[Date "2017.04.20"]
[Round "3"]
[White "Ni, Hua"]
[Black "Li, Chao b"]
[Result "1/2-1/2"]
[WhiteElo "2674"]
[BlackElo "2720"]
[Annotator "TA"]
[PlyCount "60"]
[EventDate "2017.??.??"]
[SourceTitle "Shenzen"]

1. e4 c5 2. Nf3 d6 3. Bb5+ Bd7 4. Bxd7+ Qxd7 5. c4 Nf6 6. Nc3 g6 {B52:
Sicilian: Moscow Variation with 3...Bd7} 7. d4 cxd4 8. Nxd4 Bg7 9. f3 Qc7 10.
b3 Qa5 11. Bd2 {LiveBook: 3 Games} Nc6 12. Nd5 $146 (12. Nde2 O-O 13. O-O a6
14. Kh1 {1/2-1/2 (23) Iordachescu,V (2588) -Wojtaszek,R (2746) Montpellier 2015
}) 12... Qd8 13. Bc3 e6 14. Nxc6 (14. Nxf6+ $5 {looks sharper.} Bxf6 15. Nb5
Bxc3+ 16. Nxc3 Qb6 17. Qd2) 14... bxc6 {The position is equal.} 15. Ne3 (15.
Bxf6 $5 {seems wilder.} Bxf6 16. Nxf6+ Qxf6 17. O-O Rd8 18. Qc2) 15... O-O 16.
Qd2 d5 17. exd5 exd5 (17... cxd5 $5 {with more complications.} 18. Rd1 dxc4 19.
Qxd8 Rfxd8 20. Rxd8+ Rxd8 21. Bxf6 Bxf6 22. Nxc4 Kg7) 18. Rd1 dxc4 19. Qxd8
Raxd8 20. Rxd8 Rxd8 21. Bxf6 Bxf6 22. Nxc4 $11 {Endgame KRB-KRN} h5 23. Ke2 c5
24. Rd1 Bd4 25. h3 Kg7 26. Na3 Re8+ 27. Kf1 Rb8 28. Ke2 Re8+ 29. Kf1 Rb8 30.
Ke2 Re8+ 1/2-1/2

[Event "Yingmei Cup CHN-chT 2017"]
[Site "?"]
[Date "2017.04.20"]
[Round "3"]
[White "Lu, Shanglei"]
[Black "Wang, Yue"]
[Result "1/2-1/2"]
[WhiteElo "2620"]
[BlackElo "2706"]
[Annotator "TA"]
[PlyCount "65"]
[EventDate "2017.??.??"]
[SourceTitle "Shenzen"]

1. e4 e5 2. Nc3 Nf6 3. g3 c6 4. Bg2 d5 {C26: Vienna Game: 2...Nf6, sidelines}
5. d3 dxe4 (5... Bg4 6. f3 Be6 7. Nh3 Bc5 8. Qe2 dxe4 9. dxe4 Qd4 10. Nd1 Bc4
11. c3 Qd3 12. Bf1 Qxe2+ 13. Bxe2 {1-0 (43) Nakamura,H (2697)-Benjamin,J (2577)
ICC INT 2008}) 6. dxe4 {LiveBook: 3 Games} Qxd1+ 7. Nxd1 Be6 $146 (7... Bc5 8.
f3 Na6 9. a3 O-O 10. Nf2 Re8 11. Bh3 h6 12. Bf1 {1-0 (52) Player,E (2239)
-Anderson,J (2156) Hastings 2017}) 8. f3 Na6 9. a3 Nd7 10. Be3 Bc5 11. Ne2 Ke7
12. Kf2 Rhd8 13. b3 Nc7 14. Ndc3 a5 15. Rhd1 {[#] Rxd7+! is the strong threat.}
Bxe3+ 16. Kxe3 Nb6 17. Rxd8 Rxd8 18. Bf1 f6 19. Rd1 Ra8 20. Rb1 Bc8 21. a4 {
The position is equal.} Na6 22. Na2 Be6 23. Nec1 Nc5 24. Nc3 Nbd7 25. Nd3 Nxd3
26. Bxd3 Nc5 27. Be2 Rd8 28. h4 h6 (28... f5 $5 {feels hotter.} 29. exf5 Bxf5
30. Rc1 h6 31. g4 Bh7) 29. Rd1 Rxd1 30. Nxd1 Bd7 31. Kd2 b5 32. axb5 cxb5 33.
Nc3 1/2-1/2

[Event "Yingmei Cup CHN-chT 2017"]
[Site "?"]
[Date "2017.04.20"]
[Round "3"]
[White "Zhao, Jun"]
[Black "Wang, Hao"]
[Result "1/2-1/2"]
[WhiteElo "2616"]
[BlackElo "2690"]
[Annotator "TA"]
[PlyCount "162"]
[EventDate "2017.??.??"]
[SourceTitle "Shenzen"]

1. e4 c6 2. d4 d5 3. exd5 cxd5 4. Bd3 Nc6 5. c3 Nf6 6. Bf4 Bg4 7. Qb3 Qc8 8.
Nd2 e6 9. Ngf3 Be7 10. O-O O-O 11. Rfe1 Bh5 {LiveBook: 42 Games} 12. a4 {
B13: Caro-Kann: Exchange Variation and Panov-Botvinnik Attack} b6 $146 (12...
Bg6 13. Bf1 Ne4 14. Nxe4 Bxe4 15. Nd2 Bg6 16. a5 a6 17. Qd1 Na7 18. Rc1 Nb5 19.
c4 Nxd4 20. cxd5 {1/2-1/2 (41) Zhao,J (2634)-Wang,H (2732) China 2016}) 13. Ne5
Nxe5 14. Bxe5 {White has an edge.} ({Don't play} 14. Rxe5 Bd6 $17) 14... Bg6
15. Bf1 Nd7 16. Bf4 a5 17. Nf3 Be4 18. Ne5 Nxe5 19. Bxe5 Qd8 20. Bb5 Bd6 21.
Bxd6 Qxd6 22. Re3 Ra7 23. Rae1 Re7 24. Qd1 Qf4 25. f3 $36 {White is pushing.}
Bg6 26. Re5 Rc7 27. g3 Qf6 28. Kg2 h5 29. Qd2 Bf5 30. h3 Qh6 31. Qxh6 gxh6 32.
Rxf5 (32. Kf2 $16) 32... exf5 $16 {Endgame KRR-KRB} 33. Re5 Rd8 34. Rxf5 Re7 (
34... h4 $11) 35. Rxh5 Rd6 {[#]} 36. Kf2 $1 Kg7 37. Bd3 Rd8 38. f4 Rd6 39. Be2
Rde6 40. Bb5 (40. Bf1 $16) 40... Rd6 (40... Re1 $1 $11) 41. Rf5 Kg6 42. Bd3 {
[#] Threatens to win with Rxd5+.} (42. Re5 $5 {is interesting.} Kf6 43. Be2 Rd8
44. Rh5 Kg7 45. Bf3) 42... Kg7 43. h4 Ree6 44. Be2 Re7 45. Bf3 Red7 46. Re5 Kf8
47. Rh5 Kg7 48. g4 f6 49. Ke3 Re7+ 50. Kf2 Red7 51. Rf5 Kg6 52. Ke3 Re7+ 53.
Kd2 Red7 54. Be2 Kg7 55. Bd3 Rf7 56. Rh5 Rf8 57. Kc2 (57. Ke3 $16) 57... Rh8 (
57... Re8 $1 $11 {keeps the balance.}) 58. Kb3 (58. Be2 $16) 58... Rd7 (58...
Re8 $11) 59. Bf1 Rd6 60. Bg2 (60. Kc2 $16) 60... Rhd8 ({Black should play} 
60... Re8 $1 $14) 61. Bf3 (61. Kc2 $16) 61... R8d7 (61... Re8 $14) 62. Rf5 Kg6
63. h5+ Kg7 64. g5 ({White should try} 64. Bg2 $16) 64... fxg5 $11 65. fxg5
hxg5 66. Rxg5+ Kh6 (66... Kf6 $11 {remains equal.} 67. Re5 Rd8) 67. Re5 $16 Rd8
68. Rf5 R8d7 69. Re5 Rd8 70. Bg2 R8d7 71. Bh1 Rd8 72. Bf3 R8d7 73. Re8 (73. Bg2
$16) 73... Rf7 $11 74. Be2 Rf2 75. Re5 Rg2 76. Bd3 Rg5 77. Rxg5 Kxg5 78. Bg6
Rf6 79. Be8 Kf4 80. Bg6 Ke3 81. Kc2 Rf2+ 1/2-1/2

[Event "Yingmei Cup CHN-chT 2017"]
[Site "?"]
[Date "2017.04.20"]
[Round "3"]
[White "Wen, Yang"]
[Black "Sethuraman, S P."]
[Result "0-1"]
[WhiteElo "2613"]
[BlackElo "2619"]
[Annotator "TA"]
[PlyCount "80"]
[EventDate "2017.??.??"]
[SourceTitle "Shenzen"]

1. Nf3 c5 2. c4 Nf6 3. Nc3 e6 4. e3 d5 5. d4 Nc6 6. cxd5 exd5 7. Bb5 cxd4 8.
exd4 Bd6 {B14: Caro-Kann: Panov-Botvinnik Attack with 5...e6 and 5...g6} (8...
Be7 9. Ne5 Bd7 10. O-O O-O 11. Bf4 Rc8 12. Re1 a6 13. Bxc6 Bxc6 14. Re3 b5 15.
Ne2 Bd7 16. Ng3 Be6 17. f3 Nd7 18. Qe2 Re8 {1/2-1/2 (65) Kuzubov,Y (2701)
-Parligras,M (2580) Al Ain 2014}) 9. O-O O-O 10. Bg5 Bg4 {LiveBook: 4 Games.
The position is equal.} 11. Bxc6 bxc6 12. Qd3 h6 $146 (12... Re8 13. Rac1 h6
14. Bh4 Bxf3 15. Qxf3 Be7 16. Qd3 {1/2-1/2 (30) Angeloski,A (1806)-Jansen,D
GER email 2012}) 13. Bh4 $1 Bxf3 14. Qxf3 g5 15. Bg3 Re8 16. Rae1 Rxe1 17. Rxe1
Bxg3 18. Qxg3 Qb8 19. Qxb8+ Rxb8 $11 {Endgame KRN-KRN} 20. b3 Kf8 21. f3 Ne8
22. Kf2 Ng7 23. Rc1 Ke7 24. Ke3 Kd6 25. Kd3 h5 26. Ne2 Ne6 27. Rf1 Rg8 28. g3
f5 29. h3 {[#]} (29. f4 $11) 29... f4 $1 $17 30. Rg1 fxg3 31. Rxg3 Rf8 {
...h4 is the strong threat.} 32. Ke3 c5 33. dxc5+ Kxc5 34. Rg1 a5 35. Rc1+ Kd6
36. Rg1 (36. h4 $15) 36... Ke5 (36... Re8 $17 37. Kd2 Rf8) 37. Nc1 $2 (37. h4
$15) 37... d4+ $19 {Black has a decisive advantage.} 38. Kf2 Rc8 39. Nd3+ Kf5 {
Threatens to win with ...Rc2+.} 40. Re1 {[#]} Rc3 $1 0-1